El frágil océano

Saved in:
Bibliografiske detaljer
Hovedforfatter: Marx, Wesley (autor)
Format: Bog
Sprog:spansk
Udgivet: Buenos Aires IMAPA 1967
Fag:
Tags: Tilføj Tag
Ingen Tags, Vær først til at tagge denne postø!

MARC

LEADER 00000nam a2200000 a 4500
001 UCV5209
003 CL-VaPUC
008 920916e19670000AG |||||||||||||||||spa|d
082 0 4 |a 551.46  |b MAR  |2 21 
100 |a Marx, Wesley  |e autor  |9 299510 
245 1 3 |a El frágil océano 
300 |a 242 p 
942 |c BK 
945 |d 19920916 00:00:00 
260 |a Buenos Aires  |b IMAPA  |c 1967 
650 0 |a Oceanografía  |9 260014 
650 7 |a CONTAMINACION MARINA  |2 CL-VaPUC  |9 299511 
650 0 |a Ecología marina   |9 259946 
583 |a last modification  |c 19920916 00:00:00  |k Rodrigo Vera 
999 |c 211793  |d 211791 
952 |0 0  |1 0  |2 ddc  |4 0  |6 551_460000000000000_MAR_1967  |7 0  |8 P  |9 191710  |a BIBCUR  |b BIBCUR  |c PAC  |d 2019-11-14  |i 2592428  |o 551.46 MAR 1967  |p 2592428  |r 2025-04-22  |w 2019-11-14  |y BK  |k CIM